Statistics for 山西省辖县级行政区地图 County-level administrative divisions of Shanxi

Click here to take the quiz!

General Stats

  • This quiz has been taken 48 times
  • The average score is 79 of 117

Answers on the Map

Answers color-coded by a green-red scale on the quiz's map according to % correct below.
 

Answer Stats

县级类地名% Correct
市辖区矿区
93%
市辖区尖草坪区
89%
市辖区榆次区
89%
五台县
89%
市辖区城区
89%
市辖区万柏林区
85%
市辖区小店区
85%
市辖区郊区
85%
平遥县
81%
洪洞县
81%
山阴县
78%
市辖区晋源区
78%
县级市高平市
78%
市辖区云冈区
78%
市辖区杏花岭区
78%
天镇县
78%
县级市古交市
74%
岢岚县
74%
绛县
74%
右玉县
74%
新绛县
74%
应县
74%
县级市河津市
74%
县级市孝义市
74%
县级市汾阳市
74%
文水县
74%
县级市侯马市
74%
吉县
74%
市辖区朔城区
74%
县级市介休市
74%
市辖区平城区
74%
祁县
74%
市辖区尧都区
74%
泽州县
74%
兴县
70%
代县
70%
市辖区太谷区
70%
市辖区云州区
70%
市辖区盐湖区
70%
阳高县
70%
沁水县
70%
市辖区迎泽区
70%
市辖区潞城区
70%
市辖区潞州区
70%
市辖区上党区
70%
阳曲县
70%
沁源县
70%
稷山县
70%
娄烦县
67%
五寨县
67%
清徐县
67%
县级市原平市
67%
保德县
67%
灵石县
67%
浑源县
67%
市辖区平鲁区
67%
偏关县
67%
左云县
67%
左权县
67%
市辖区忻府区
67%
繁峙县
67%
芮城县
67%
岚县
67%
闻喜县
67%
交城县
67%
河曲县
67%
市辖区离石区
67%
翼城县
67%
襄汾县
67%
县级市永济市
67%
曲沃县
67%
沁县
67%
神池县
67%
长子县
63%
灵丘县
63%
盂县
63%
临猗县
63%
平陆县
63%
夏县
63%
广灵县
63%
陵川县
63%
宁武县
63%
隰县
63%
古县
63%
县级市怀仁市
63%
临县
63%
昔阳县
63%
县级市霍州市
59%
壶关县
59%
万荣县
59%
石楼县
59%
中阳县
59%
榆社县
59%
市辖区新荣区
59%
平定县
59%
寿阳县
59%
和顺县
59%
武乡县
59%
平顺县
56%
市辖区屯留区
56%
襄垣县
56%
安泽县
56%
蒲县
56%
交口县
56%
方山县
56%
静乐县
56%
柳林县
56%
汾西县
56%
定襄县
56%
垣曲县
52%
阳城县
52%
浮山县
52%
大宁县
52%
乡宁县
48%
黎城县
48%
永和县
41%

Score Distribution

Percentile by Number Answered

Percent of People with Each Score

Your Score History

You have not taken this quiz